000
00283nam a2200133Ia 4500
100
_a
Machinery yellow back series
942
_c
BK
654
_a
Fixture
245
_a
Jig
260
_b
Machinery Publication & co
_c
2001
082
_a
621.9
_b
MAC
300
_a
62
546
_a
ENGLISH
999
_c
24461
_d
24461